Đất mặn Tiểu thuyết T.2
Guardado en:
| Autor principal: | |
|---|---|
| Formato: | Libro |
| Lenguaje: | Vietnamese |
| Publicado: |
H.
Thanh niên
1977
|
| Edición: | In lần 2 |
| Materias: | |
| Etiquetas: |
Agregar Etiqueta
Sin Etiquetas, Sea el primero en etiquetar este registro!
|
| Thư viện lưu trữ: | Mạng thư viện Đại học Đà Nẵng |
|---|
| LEADER | 01125nam a22003858a 4500 | ||
|---|---|---|---|
| 001 | 000005714 | ||
| 003 | 1862 | ||
| 005 | 20120417080407.0 | ||
| 008 | 110822s1977 b 000 0 vieod | ||
| 020 | |c 20000 đ | ||
| 041 | 0 | |a vie | |
| 082 | |a 895.9223 |b CH-V | ||
| 084 | |a V6 |b Đ124M | ||
| 100 | 1 | |a Chu Văn | |
| 245 | 1 | 0 | |a Đất mặn |b Tiểu thuyết |c Chu Văn |n T.2 |
| 250 | |a In lần 2 | ||
| 260 | |a H. |b Thanh niên |c 1977 | ||
| 300 | |a 406tr |c 19cm | ||
| 505 | |a T.2 | ||
| 653 | |a văn học hiện đại | ||
| 653 | |a tiểu thuyết | ||
| 653 | |a chu văn | ||
| 653 | |a việt nam | ||
| 773 | |t Đất mặn |w 1863 | ||
| 910 | |a Minh |d 22/8/2011 | ||
| OWN | |a LSP | ||
| AVA | |a UDN50 |b LSP |d 895.9223 CH-V |e available |t Error 5001 Not defined in file expand_doc_bib_avail. |f 3 |g 1 |h N |i 0 |k 1 | ||
| 999 | |a From the UDN01 | ||
| AVA | |a UDN50 |b LSP |d 895.9223 CH-V |e available |t Error 5001 Not defined in file expand_doc_bib_avail. |f 3 |g 1 |h N |i 0 |k 1 | ||
| TYP | |a Monograph | ||
| TYP | |a Printed language | ||
| 980 | |a Mạng thư viện Đại học Đà Nẵng | ||